Statistics for JAV valstijos - US States in Lithuanian

Click here to take the quiz!

General Stats

  • This quiz has been taken 9 times
    (7 since last reset)
  • The average score is 30 of 50

Answers on the Map

Answers color-coded by a green-red scale on the quiz's map according to % correct below.
 

Answer Stats

State% Correct
Alabama
75%
Arizona
75%
Delaveras
75%
Florida
75%
Indiana
75%
Juta
75%
Koloradas
75%
Konektikutas
75%
Meinas
75%
Mičiganas
75%
Minesota
75%
Montana
75%
Naujoji Meksika
75%
Nebraska
75%
Nevada
75%
Niujorkas
75%
Ohajas
75%
Oklahoma
75%
Oregonas
75%
Pensilvanija
75%
Pietų Karolina
75%
Šiaurės Karolina
75%
Teksasas
75%
Vašingtonas
75%
Vermontas
75%
Viskonsinas
75%
Aidahas
50%
Ajova
50%
Aliaska
50%
Džordžija
50%
Havajai
50%
Ilinojus
50%
Kalifornija
50%
Kanzasas
50%
Kentukis
50%
Luiziana
50%
Merilandas
50%
Misisipė
50%
Pietų Dakota
50%
Šiaurės Dakota
50%
Tenesis
50%
Vajomingas
50%
Vakarų Virdžinija
50%
Virdžinija
50%
Arkanzasas
25%
Masačusetsas
25%
Misūris
25%
Naujasis Hampšyras
25%
Rod Ailandas
25%
Naujoji Džersis
0%

Score Distribution

Percentile by Number Answered

Percent of People with Each Score

Your Score History

You have not taken this quiz since the last reset